Never eat alone : and other secrets to success, one relationship at a time.

Bibliographic Details
Main Author: Ferrazzi, Keith
Other Authors: Raz, Tahl
Format: Book
Published: London: Portfolio Penguin, 2014.
Subjects:
LEADER 00555cam a2200181 7i4500
001 0000032732
005 20150908090000.0
020 0 0 |a 9780241004951  
090 0 0 |a B 650.13   |b FER 
100 1 0 |a Ferrazzi, Keith  
245 1 0 |a Never eat alone :   |b and other secrets to success, one relationship at a time. 
260 0 0 |a London:   |b Portfolio Penguin,   |c 2014. 
300 # # |a 367 pages. 
650 0 0 |a Success in business  
650 0 0 |a Interpersonal relations  
650 0 0 |a Business networks  
700 1 0 |a Raz, Tahl  
999 |a 0000036745  |b Book  |c Book  |e Business Information Centre